00549nam a2200169 i 4500001000300000100002000003245008100023250001700104260004700121300001900168500002800187040000800215041000800223080000900231008004100240856009800281bg1 aFERENC, Michał 0aZbiór zadań z podstaw automatyki :benergetyka gazowa /cMichał Ferenc. aWyd. 2 popr. aGliwice :bPolitechnika Śląska,c1976. a357 s. :brys. aSkrypty Uczeln. Nr 686. cBPK apol a62-5 s pl f |000 0 pol  uhttp://koha.tu.koszalin.pl/cgi-bin/koha/opac-detail.pl?biblionumber=27611yKatalog online BPK